Films/Series mal décrits #1 - Statistiques

Statistiques générales
  • Ce quiz a été pris 1 645 fois
  • Le résultat moyen est 10 sur 15
Statistiques - réponses
Hint Réponse % Correct
Un mec qui dort sous un escalier se prend pour Gandalf Harry Potter
96%
Un renoi aide un handicapé riche Intouchables
88%
Des cons avec des noms de ville impriment des billets La Casa De Papel
86%
Un malade se fait tatouer des plans sur le corps pour sauver son frère Prison Break
85%
Une bande de c*n qui se tire dessus dans l'espace Star Wars
84%
Deux mec en costard se tape contre des extras terrestres Men In Black
82%
Un petit renoi qui court très vite Kirikou
75%
Un malade mental veut voir des gens se battre Fight Club
73%
Un prof et son élève se prennent pour Pablo Breaking Bad
67%
Une bande de mec sous crack qui combattent des mechants à New York Avengers
60%
Un autiste a tout vécu dans sa vie (et il aime les crevettes) Forrest Gump
60%
Une meuf se fait prendre par 7 mec tous les soirs Blanche neige et les sept nains
53%
Un pédophile sous poudre jaune enlève des enfants Peter Pan
31%
Un mec normal va devenir un toxico très riche Le loup de Wallstreet
29%
Un extra-terrestre se prend pour Zeus Thor
23%
Aucun quiz correspondant
Distribution des résultats
% des personnes avec chaque résultat
Percentile par nombre de réponses
Votre historique - résultats
Vous n’avez pas pris ce quiz